Planning without the ark (Record no. 65681)

MARC details
000 -LEADER
fixed length control field 01240cam a2200217 4500
001 - CONTROL NUMBER
control field ABS63336
008 - FIXED-LENGTH DATA ELEMENTS--GENERAL INFORMATION
fixed length control field 000000n2000 000 0 eng u
035 ## - SYSTEM CONTROL NUMBER
System control number (Sirsi) u110144
100 ## - MAIN ENTRY--PERSONAL NAME
Personal name Sector, G
245 ## - TITLE STATEMENT
Title Planning without the ark
260 ## - PUBLICATION, DISTRIBUTION, ETC.
Date of publication, distribution, etc. 2000
490 ## - SERIES STATEMENT
Series statement Estates Gazette
Volume/sequential designation (0049) 9 December 2000, 114-115(2)
520 ## - SUMMARY, ETC.
Summary, etc. Looks at the questions raised by recent flooding over land use planning and the resulting examination of planning law. Provides an overview of the situation in England and Wales, the geography, demographics and meteorological reasons as to why Britain has suffered two major flood events within two years and how government housebuilding figures conflict with the risk of building in areas of high flood risk. Highlights PPG25 on development and flood risk as providing sensible measures and concludes that flood risk should not used as discouragement for development and that all involved should co-operate fully on consideration of site suitability and flood-defence requirements.
590 ## - LOCAL NOTE (RLIN)
Local note ABS
650 ## - SUBJECT ADDED ENTRY--TOPICAL TERM
Topical term or geographic name entry element FLOODING
650 ## - SUBJECT ADDED ENTRY--TOPICAL TERM
Topical term or geographic name entry element PPG25
650 ## - SUBJECT ADDED ENTRY--TOPICAL TERM
Topical term or geographic name entry element FLOOD DEFENCES
650 ## - SUBJECT ADDED ENTRY--TOPICAL TERM
Topical term or geographic name entry element PLANNING POLICY
690 ## - LOCAL SUBJECT ADDED ENTRY--TOPICAL TERM (OCLC, RLIN)
Topical term or geographic name as entry element ENVIRONMENTAL AND LAND CONSULTANCY-PLANNING AND DEVELOPMENT
942 ## - ADDED ENTRY ELEMENTS (KOHA)
Suppress in OPAC 0
Holdings
Withdrawn status Lost status Source of classification or shelving scheme Damaged status Not for loan Home library Current library Shelving location Date acquired Total Checkouts Full call number Barcode Date last seen Copy number Price effective from Koha item type
    Dewey Decimal Classification     London London Journal article 04/01/2001   ABS63336 110144-1001 06/08/2019 1 06/08/2019 Journal article